00772nam a2200217 a 4500001000400000003001000004005001700014008004100031020001800072040002500090080002300115100002700138245010900165250002700274260003600301300002700337504003600364650006000400650006800460650002600528826BR-CuiBMT20231120230114.0230711s2008 prba 001 0 por d a9788536220468 aBR-CuiBMTcBR-CuiBMT 22007a35.078.3:3521 aBotelho, Milton Mendes10aManual prático de controle interno na administração pública municipal / cMilton Mendes Botelho. a2. ed., rev. e atual.  aCuritiba :bJuruá Ed.,c2008. a287 p. :bil. ;c21 cm aInclui bibliografia e índice. aControle internoxAdministração pública municipal aAdministração pública municipalxRotinas de procedimentos aFinanças municipais